000 00423nam a2200169Ia 4500
008 220805s9999 xx 000 0 und d
020 _a9780713490589
041 _aeng
082 _a741.672028
100 _aKevin Tallon
_987519
260 _aLondon
_bBatsford
_c2008
245 _aDigital fashion Illustration
245 _bwith photoshop and Illustrator
250 _a1
300 _a175
650 _aPhotoshop
_987520
999 _c48163
_d48163